000
00239nam a22001097a 4500
999
_c
15745
_d
15745
003
OSt
008
190926b ||||| |||| 00| 0 eng d
082
_a
627.80954
245
_a
Some typical dams of India
260
_b
CBIP
_c
1991
942
_c
BK